[Event "Nutcracker Rapid 2017"]
[Site "Moscow RUS"]
[Date "2017.12.24"]
[Round "8.2"]
[White "Artemiev, Vladislav"]
[Black "Gelfand, Boris"]
[Result "1/2-1/2"]
[WhiteTitle "GM"]
[BlackTitle "GM"]
[WhiteElo "2691"]
[BlackElo "2697"]
[WhiteTeam "Princes"]
[BlackTeam "Kings"]
[WhiteFideId "24101605"]
[BlackFideId "2805677"]
[EventDate "2017.12.23"]
[EventType "schev (rapid)"]

1. e4 c5 2. Nf3 Nc6 3. Bb5 e6 4. O-O Nge7 5. Re1 Ng6 6. Bf1 d5 7. exd5 Qxd5 8.
Nc3 Qd8 9. g3 Be7 10. h4 Bf6 11. Ne4 Nge5 12. Nxe5 Bxe5 13. Nxc5 Bxg3 14. fxg3
Qd4+ 15. Kh2 Qxc5 16. c3 O-O 17. d4 Qb6 18. Qb3 Qd8 19. Bf4 b6 20. Rad1 Bb7 21.
d5 Na5 22. Qb4 exd5 23. Qe7 Re8 24. Qxd8 Raxd8 25. Bc7 Ra8 26. b3 Rec8 27. Re7
Nc6 28. Rd7 Nb8 29. Bxb8 Raxb8 30. Rxb7 Rxb7 31. Ba6 Rbc7 32. Bxc8 Rxc8 33. Rxd5
Kf8 1/2-1/2

[Event "Nutcracker Rapid 2017"]
[Site "Moscow RUS"]
[Date "2017.12.24"]
[Round "8.4"]
[White "Rublevsky, Sergei"]
[Black "Yuffa, Daniil"]
[Result "1-0"]
[WhiteTitle "GM"]
[BlackTitle "GM"]
[WhiteElo "2683"]
[BlackElo "2522"]
[WhiteTeam "Kings"]
[BlackTeam "Princes"]
[WhiteFideId "4115309"]
[BlackFideId "24131423"]
[EventDate "2017.12.23"]
[EventType "schev (rapid)"]

1. e4 Nf6 2. e5 Nd5 3. d4 d6 4. Nf3 dxe5 5. Nxe5 c6 6. Be2 Bf5 7. O-O Nd7 8. Nf3
e6 9. c4 N5f6 10. Nc3 Bd6 11. Nh4 Bg6 12. g3 O-O 13. Nxg6 hxg6 14. Bg5 e5 15. d5
Qc7 16. a3 a5 17. Bf3 Rfe8 18. Bg2 Bc5 19. Rc1 Nh7 20. Bd2 Nhf6 21. Rc2 a4 22.
Bg5 Nh7 23. Bc1 Nhf6 24. Bg5 Nh7 25. h4 Nxg5 26. hxg5 Bd4 27. Ne4 Nc5 28. Qg4
Rad8 29. Rd1 cxd5 30. cxd5 b6 31. Bf3 Qd7 32. Qh4 Nxe4 33. Bxe4 Rc8 34. Rc6 Bc5
35. Rd3 Qa7 36. Kg2 Qa5 37. Rd1 Qb5 38. Rxc8 Rxc8 39. Rh1 1-0